P. Ovidii Nasonis Fastorum libri VI. Tristium libri V. De Ponto libri IV. In ibin. Ad Liviam. Ex accuratissimis diversorum castigationibus

Detalles Bibliográficos
Autor principal: Ovidio
Formato: Libro
Lenguaje:Latin
Publicado: Antuerpiae : apud Lucam de Potter, 1673.
Materias:
Colección:Banco de datos
Acervo:Seminario Conciliar de Nuestra Señora de Guadalupe Querétaro. Qro.. Biblioteca Florencio Rosas. Fondo Reservado
Descripción Física:431 p. ; 8°
Tema general:Literatura latina
Notas:Portada con empresa tipográfica en grabado xilográfico. Texto a renglón seguido con paginación en números arábigos, cornisas, signaturas y reclamos. Incluye letra capitular con motivos florales y viñeta final con motivos fantásticos en grabado xilográfico. Encuadernación en pergamino sobre cartón con cantos en coral. Marca de fuego: Convento de Santa Teresa de Jesús de Querétaro, Querétaro. Ex libris manuscrito en la portada: "es deste convento de nrâ Ma. sta. teresa de queretaro". Ex libris en estampa en el verso de la tapa superior (ilegible). Anotaciones manuscritas a lo largo de la obra. Sello en tinta de Ignacio M. Loyola. P. C. O.
LEADER 01266nam a22001690004500
035 |a 168 
041 0 |a lat 
100 1 |a Ovidio 
245 1 0 |a P. Ovidii Nasonis Fastorum libri VI. Tristium libri V. De Ponto libri IV. In ibin. Ad Liviam. Ex accuratissimis diversorum castigationibus 
260 |a Antuerpiae : apud Lucam de Potter, 1673. 
300 |a 431 p. ; 8° 
500 |a Portada con empresa tipográfica en grabado xilográfico. Texto a renglón seguido con paginación en números arábigos, cornisas, signaturas y reclamos. Incluye letra capitular con motivos florales y viñeta final con motivos fantásticos en grabado xilográfico. Encuadernación en pergamino sobre cartón con cantos en coral. Marca de fuego: Convento de Santa Teresa de Jesús de Querétaro, Querétaro. Ex libris manuscrito en la portada: "es deste convento de nrâ Ma. sta. teresa de queretaro". Ex libris en estampa en el verso de la tapa superior (ilegible). Anotaciones manuscritas a lo largo de la obra. Sello en tinta de Ignacio M. Loyola. P. C. O. 
650 1 0 |a Literatura latina 
949 |a Fondo Reservado: 114 
942 |c QUER-RES 
943 |g Seminario Conciliar de Nuestra Señora de Guadalupe Querétaro. Qro.. Biblioteca Florencio Rosas. Fondo Reservado 
999 |c 1107832  |d 1107832